Statistics for Ghostface Killah Discography

Click here to take the quiz!

General Stats

  • This quiz has been taken 9 times
    (4 since last reset)
  • The average score is 9 of 25

Answer Stats

YearNameType% Correct
2006FishscaleAlbum
100%
1996IronmanAlbum
100%
2000Supreme ClienteleAlbum
100%
2001Bulletproof WalletsAlbum
50%
2009Ghostdini: Wizard of Poetry in Emerald CityAlbum
50%
2019Ghostface KillahsAlbum
50%
2006More FishAlbum
50%
2007The Big Doe RehabAlbum
50%
2004The Pretty Toney AlbumAlbum
50%
201436 SeasonsCollaborative Album
25%
2004718Collaborative Album
25%
2010Apollo KidsAlbum
25%
2019Czarface Meets GhostfaceCollaborative Album
25%
2015Sour SoulCollaborative Album
25%
2018The Lost TapesCollaborative Album
25%
2008The Wallabee ChampCompilation
25%
2013Twelve Reasons to DieCollaborative Album
25%
2015Twelve Reasons to Die IICollaborative Album
25%
2012Wu BlockCollaborative Album
25%
2010Wu-MassacreCollaborative Album
25%
2014Best of Ghostface KillahCompilation
0%
2008GhostDeini the GreatCompilation
0%
2007Hidden Darts: Special EditionCompilation
0%
2005Put It on the LineCollaborative Album
0%
2003Shaolin's FinestCompilation
0%

Score Distribution

Percentile by Number Answered

Percent of People with Each Score

Your Score History

You have not taken this quiz since the last reset